ARRUPE JESUIT UNIVERSITY

CORONAVIRUS -STOP THE SPREAD - CLEAN,DISINFECT,COVER

Black Venus / (Record no. 118803)

MARC details
000 -LEADER
fixed length control field 00826cam a2200217 a 4500
001 - CONTROL NUMBER
control field 3371431
003 - CONTROL NUMBER IDENTIFIER
control field ARRUPE
005 - DATE AND TIME OF LATEST TRANSACTION
control field 20131127145621.0
008 - FIXED-LENGTH DATA ELEMENTS--GENERAL INFORMATION
fixed length control field 870210s1985 enk 000 1 eng
010 ## - LIBRARY OF CONGRESS CONTROL NUMBER
LC control number 87111816
020 ## - INTERNATIONAL STANDARD BOOK NUMBER
International Standard Book Number 0701139641 :
Terms of availability £8.95
040 ## - CATALOGING SOURCE
Original cataloging agency DLC
Transcribing agency DLC
Modifying agency DLC
050 00 - LIBRARY OF CONGRESS CALL NUMBER
Classification number PZ4.C323.B54
300 ## - PHYSICAL DESCRIPTION
Dimensions 24 cm.
100 1# - MAIN ENTRY--PERSONAL NAME
Personal name Carter, Angela,
Dates associated with a name 1940-1992.
9 (RLIN) 4282
245 10 - TITLE STATEMENT
Title Black Venus /
Statement of responsibility, etc Angela Carter.
260 ## - PUBLICATION, DISTRIBUTION, ETC. (IMPRINT)
Place of publication, distribution, etc London :
Name of publisher, distributor, etc Chatto & Windus :
-- Hogarth Press,
Date of publication, distribution, etc 1985.
300 ## - PHYSICAL DESCRIPTION
Extent 121 p. ;
505 0# - FORMATTED CONTENTS NOTE
Formatted contents note Black Venus -- The kiss -- Our Lady of the Massacre -- The cabinet of Edgar Allan Poe -- Overture and incidental music for A midsummer night's dream -- Peter and the wolf -- The kitchen child -- The Fall River axe murders.
906 ## - LOCAL DATA ELEMENT F, LDF (RLIN)
a 7
b cbc
c orignew
d 2
e ncip
f 19
g y-gencatlg
942 ## - ADDED ENTRY ELEMENTS (KOHA)
Source of classification or shelving scheme Library of Congress Classification
Koha item type Monograph ( Printed materials)
Holdings
Withdrawn status Lost status Source of classification or shelving scheme Damaged status Not for loan Home library Current library Shelving location Date acquired Total Checkouts Full call number Barcode Date last seen Price effective from Koha item type
    Library of Congress Classification     ARRUPE LIBRARY ARRUPE LIBRARY Main Collection 27/11/2013   PZ4.C323.B54 46410283 02/07/2019 27/11/2013 Monograph ( Printed materials)

 

Arrupe Library. PO Box MP320 Mt Pleasant, Harare, Zimbabwe
263 242 745411|librarian@aju.ac.zw